[Event "World Rapid Women 2025"]
[Site "Doha QAT"]
[Date "2025.12.26"]
[Round "1.1"]
[White "Beydullayeva, Govhar"]
[Black "Ju, Wenjun"]
[Result "1/2-1/2"]
[WhiteTitle "WGM"]
[BlackTitle "GM"]
[WhiteElo "2364"]
[BlackElo "2565"]
[WhiteFideId "13413015"]
[BlackFideId "8603006"]
[EventDate "2025.12.26"]

1. d4 Nf6 2. c4 e6 3. Bf4 b6 4. a3 Bb7 5. Nc3 d6 6. d5 e5 7. Bg5 Nbd7 8. e4 g6
9. Bd3 Bg7 10. f3 h6 11. Be3 a5 12. Nge2 h5 13. O-O O-O 14. b4 Kh7 15. Qc2 Bh6
16. Bf2 Re8 17. Na4 c6 18. dxc6 Bxc6 19. Nec3 Ra7 20. Rfd1 Qc7 21. Nb5 Bxb5 22.
cxb5 Qxc2 23. Bxc2 axb4 24. axb4 Rea8 25. Rxd6 Bf8 26. Rc6 Kg7 27. h4 Bxb4 28.
Rb1 Ba5 29. Nxb6 Nxb6 30. Bxb6 Bxb6+ 31. Rxb6 Nd7 32. Rd6 Rb8 33. Rbd1 Nc5 34.
R1d5 Rxb5 35. Rc6 Raa5 36. Rxe5 Ne6 37. Rxb5 Rxb5 38. Bd3 Rb2 39. Rc2 Rxc2 40.
Bxc2 Kf6 41. Bb3 Nd4 42. Bd5 Ke7 43. Kf2 Nb5 44. Ke3 Nc7 45. Bc4 Ne8 46. Kf4 f6
47. g4 hxg4 48. fxg4 Nd6 49. Bd5 Kf8 50. e5 fxe5+ 51. Kxe5 Ke7 52. Bb3 Ne8 53.
Bc2 Kf7 54. Ba4 Nf6 55. Bb3+ Ke7 56. Kf4 Kf8 57. Kg5 Kg7 58. Bc2 Nxg4 59. Kxg4
Kh6 60. Bd3 Kg7 61. Kg5 Kh8 62. Kf6 Kg8 63. Bc2 Kh8 64. Bb3 Kh7 65. Bd1 Kh8 66.
Bc2 Kg8 67. Ke7 Kg7 68. Bd1 g5 69. h5 g4 70. Bxg4 Kh8 71. Kf6 1/2-1/2

[Event "World Rapid Women 2025"]
[Site "Doha QAT"]
[Date "2025.12.26"]
[Round "1.2"]
[White "Tan, Zhongyi"]
[Black "Gaal, Zsoka"]
[Result "1-0"]
[WhiteTitle "GM"]
[BlackTitle "IM"]
[WhiteElo "2524"]
[BlackElo "2374"]
[WhiteFideId "8603642"]
[BlackFideId "777765"]
[EventDate "2025.12.26"]

1. d4 d5 2. c4 dxc4 3. Nf3 Nf6 4. e3 e6 5. Bxc4 c5 6. O-O Be7 7. dxc5 Qxd1 8.
Rxd1 Bxc5 9. Nbd2 O-O 10. Nb3 Be7 11. Bd2 b6 12. Rac1 Nbd7 13. Bb5 a6 14. Be2
Bb7 15. Rc7 Bd5 16. Be1 Bd8 17. Rcc1 Ne4 18. Nbd4 Bf6 19. b3 Ndc5 20. Nd2 Rfd8
21. Nc4 Rab8 22. f3 Bxc4 23. Rxc4 Nd6 24. Rc2 Nf5 25. Nxf5 Rxd1 26. Nh6+ gxh6
27. Bxd1 Rd8 28. Be2 a5 29. Kf1 Nd3 30. Bxd3 Rxd3 31. Ke2 Rd5 32. Rc6 Rb5 33. e4
a4 34. b4 a3 35. Kd3 Bb2 36. g4 h5 37. Kc4 Rg5 38. Bd2 b5+ 39. Kd3 Rg6 40. g5 e5
41. Rc5 Rb6 42. Bc3 f6 43. Bxb2 axb2 44. Kc2 fxg5 45. Rxe5 g4 46. fxg4 hxg4 47.
Rg5+ Kf7 48. Rxg4 Rf6 49. Rg2 Ke6 50. Kxb2 Ke5 51. Rg5+ Kd4 52. Rxb5 Kc4 53. Rf5
Rh6 54. Rf2 Kxb4 55. e5 Re6 56. Re2 h5 57. h4 Kc4 58. Kc2 Kd4 59. Kd1 Kd3 60.
Ke1 Kd4 61. Kf2 Kd5 62. a4 Kc6 63. Kf3 Kd7 64. Kf4 Rg6 65. e6+ Ke7 66. Kf5 Rg1
67. Re4 Rg2 68. Ke5 Rg1 69. Kd5 Rc1 70. Re5 Ra1 71. Rxh5 Rxa4 72. Rh7+ Ke8 73.
h5 Ra1 74. h6 Rd1+ 75. Kc4 Rc1+ 76. Kd3 Rh1 77. Rh8+ Ke7 78. h7 Rh3+ 79. Ke2 Rh6
80. Kf3 Rf6+ 81. Kg4 Rxe6 82. Ra8 1-0

[Event "World Rapid Women 2025"]
[Site "Doha QAT"]
[Date "2025.12.26"]
[Round "1.3"]
[White "Nurgaliyeva, Zarina"]
[Black "Goryachkina, Aleksandra"]
[Result "0-1"]
[WhiteTitle "WIM"]
[BlackTitle "GM"]
[WhiteElo "2305"]
[BlackElo "2534"]
[WhiteFideId "13730096"]
[BlackFideId "4147103"]
[EventDate "2025.12.26"]

1. e4 e5 2. Nf3 Nc6 3. Nc3 Nf6 4. a3 d5 5. Bb5 Nxe4 6. Qe2 Nxc3 7. Qxe5+ Qe7 8.
dxc3 Bd7 9. Qxe7+ Bxe7 10. Bf4 O-O-O 11. O-O-O a6 12. Be2 Bf5 13. Nd4 Nxd4 14.
cxd4 Rhe8 15. Bf3 Bf6 16. Rhe1 g5 17. Be5 Bxe5 18. dxe5 c6 19. Bh5 Re7 20. g4
Bg6 21. h4 Bxh5 22. gxh5 gxh4 23. f4 Rg8 24. Rg1 Ree8 25. Kd2 Kd7 26. Ke3 Ke6
27. c4 Rg3+ 28. Kd4 dxc4 29. Ke4 f5+ 30. Kd4 Rd8+ 31. Kxc4 Rxd1 32. Rxd1 h3 33.
Kc5 Rb3 34. Rd2 a5 35. Rd6+ Ke7 36. Rd2 a4 37. Rh2 Ke6 38. Rf2 Rg3 39. Rh2 Rf3
40. Kb6 Rxf4 41. Rxh3 Rc4 42. Kxb7 f4 43. b3 axb3 44. Rxb3 Kxe5 45. a4 Rxa4 46.
Kxc6 Kf5 47. Rb7 f3 48. Rxh7 Ra6+ 49. Kb5 Rf6 50. Rc7 f2 51. Rc1 Kg4 52. Rf1 Kf3
53. Kc5 Kg2 0-1

[Event "World Rapid Women 2025"]
[Site "Doha QAT"]
[Date "2025.12.26"]
[Round "1.4"]
[White "Lei, Tingjie"]
[Black "Rudzinska, Michalina"]
[Result "1-0"]
[WhiteTitle "GM"]
[BlackTitle "WGM"]
[WhiteElo "2569"]
[BlackElo "2206"]
[WhiteFideId "8605114"]
[BlackFideId "1172883"]
[EventDate "2025.12.26"]

1. d4 d5 2. Nf3 Nf6 3. Bf4 e6 4. e3 Bd6 5. Bd3 c5 6. dxc5 Bxc5 7. O-O O-O 8. c4
Nc6 9. cxd5 exd5 10. Nc3 h6 11. Rc1 Be7 12. Ne5 Nxe5 13. Bxe5 a6 14. Bb1 Be6 15.
Qd3 g6 16. Rfd1 Rc8 17. Qe2 Bg4 18. f3 Be6 19. Kh1 Bd6 20. Bd4 Nh5 21. Qf2 b5
22. a3 Bb8 23. g4 Ng7 24. Rg1 Qd7 25. Rcd1 a5 26. Qh4 Kh7 27. Ne4 dxe4 28. Bxg7
Kxg7 29. Rxd7 Bxd7 30. Bxe4 Be5 31. Qf2 Be6 32. Rd1 Bb3 33. Rd2 Rc1+ 34. Kg2
Rfc8 35. h4 Ra1 36. f4 Bf6 37. g5 hxg5 38. hxg5 Be7 39. Bd5 Bxd5+ 40. Rxd5 Rac1
41. Rd7 R1c2 42. Rd2 R2c5 43. Qf3 b4 44. Qe4 bxa3 45. Qxe7 a2 46. Qf6+ 1-0

[Event "World Rapid Women 2025"]
[Site "Doha QAT"]
[Date "2025.12.26"]
[Round "1.5"]
[White "Bivol, Alina"]
[Black "Assaubayeva, Bibisara"]
[Result "1/2-1/2"]
[WhiteTitle "IM"]
[BlackTitle "GM"]
[WhiteElo "2360"]
[BlackElo "2497"]
[WhiteFideId "4100123"]
[BlackFideId "13708694"]
[EventDate "2025.12.26"]

1. e4 c5 2. Nf3 d6 3. d4 cxd4 4. Nxd4 Nf6 5. Nc3 a6 6. Be3 e5 7. Nf3 Be7 8. Bc4
Be6 9. Bxe6 fxe6 10. Ng5 Qd7 11. Qf3 Nc6 12. Qh3 Nd8 13. f4 exf4 14. Bxf4 e5 15.
Bd2 Qxh3 16. Nxh3 b5 17. Bg5 b4 18. Bxf6 bxc3 19. Bxe7 Kxe7 20. bxc3 Rc8 21. Kd2
Ne6 22. Rab1 Nc5 23. Rhe1 Rhf8 24. Rb4 h6 25. Re2 Rf1 26. Nf2 a5 27. Rc4 Ra1 28.
Nd3 Rxa2 29. Nxc5 dxc5 30. Ke3 Kd6 31. Rd2+ Kc6 32. Rd5 Kb5 33. Kd3 Ra1 34. Rxe5
Rd8+ 35. Rd4 Rd1+ 36. Ke3 R1xd4 37. cxd4 Rxd4 38. Re7 a4 39. Ra7 Kb4 40. Rxg7
Kc3 41. Rc7 a3 42. Rxc5+ Rc4 43. Ra5 Kb2 44. Kf4 a2 45. g4 a1=Q 46. Rxa1 Kxa1
47. h4 Kb2 48. g5 hxg5+ 49. hxg5 Kxc2 50. Kf5 Kd3 51. e5 Kd4 52. g6 Rc7 53. Kf6
Kd5 54. e6 Kd6 55. g7 Rxg7 1/2-1/2

[Event "World Rapid Women 2025"]
[Site "Doha QAT"]
[Date "2025.12.26"]
[Round "1.6"]
[White "Lagno, Kateryna"]
[Black "Krasteva, Beloslava"]
[Result "1-0"]
[WhiteTitle "GM"]
[BlackTitle "FM"]
[WhiteElo "2508"]
[BlackElo "2339"]
[WhiteFideId "14109336"]
[BlackFideId "2922029"]
[EventDate "2025.12.26"]

1. e4 d6 2. d4 Nf6 3. Bd3 e5 4. Nf3 exd4 5. Nxd4 g6 6. O-O Bg7 7. c3 O-O 8. Bg5
Nbd7 9. Nd2 Ne5 10. Bc2 c5 11. N4b3 Qc7 12. f4 Nc6 13. Nc4 Rd8 14. Ne3 Ne7 15.
Qf3 h6 16. Bh4 b6 17. e5 Bb7 18. exf6 Bxf3 19. fxe7 Rd7 20. Rxf3 d5 21. Nxd5
Rxd5 22. Be4 Qd7 23. c4 Rd1+ 24. Rxd1 Qxd1+ 25. Rf1 Bd4+ 26. Bf2 Bxf2+ 27. Kxf2
Qd7 28. Bxa8 Qxe7 29. Bd5 Kg7 30. Nc1 Qh4+ 31. Ke2 Qxh2 32. Nd3 Qh5+ 33. Kd2 Qf5
34. Ne5 f6 35. Nd3 h5 36. Re1 Qd7 37. Kc3 Kh6 38. Re6 Kg7 39. b3 Qc7 40. g3 Qd7
41. Nf2 Qc7 42. Nd3 Qd7 43. Kd2 Qc7 44. Ke3 Qd8 45. Kf3 Qc7 46. Nf2 b5 47. Ne4
bxc4 48. Bxc4 Qa5 49. Re7+ Kh8 50. a4 Qe1 51. Re6 Qh1+ 52. Kf2 Qh2+ 53. Ke3 Qg1+
54. Kd2 Qg2+ 55. Kc3 Qf3+ 56. Kb2 Qg2+ 57. Kc3 Qg1 58. Kc2 Qg2+ 59. Kd3 Qf1+ 60.
Kd2 Qg2+ 61. Kc3 Qg1 62. Bd3 Qe1+ 63. Kc2 Qg1 64. Rxf6 Qg2+ 65. Kc3 Qg1 66. Rd6
Qc1+ 67. Bc2 Qa1+ 68. Kd2 Qg1 69. Rxg6 Qg2+ 70. Kc3 Qg1 71. Rd6 Qe1+ 72. Kb2 c4
73. bxc4 Qb4+ 74. Bb3 Qe1 75. Re6 Qe2+ 76. Bc2 Qxc4 77. Ng5 Qd4+ 78. Kb1 Qb4+
79. Kc1 Qa3+ 80. Kd1 Qa1+ 81. Ke2 Qc3 82. Bd3 Qb2+ 83. Kf3 Qb3 84. Ke2 Qxa4 85.
Rh6+ Kg7 86. Rh7+ Kg8 87. Rc7 Qa2+ 88. Ke3 Qa3 89. Ke4 Qd6 90. Bc4+ Kf8 91. Ne6+
Kg8 92. Nd4+ Kh8 93. Rc8+ Kh7 94. Bg8+ Kh8 95. Bd5+ Kh7 96. Bg8+ Kh8 97. Nf5
Qb4+ 98. Bc4+ Kh7 99. Rc7+ Kh8 100. Ne7 Qe1+ 101. Kf5 Qa5+ 102. Nd5 Qa1 103. Kg6
Qb1+ 104. f5 Qb8 105. Rh7+ 1-0

[Event "World Rapid Women 2025"]
[Site "Doha QAT"]
[Date "2025.12.26"]
[Round "1.7"]
[White "Kaliakhmet, Elnaz"]
[Black "Kosteniuk, Alexandra"]
[Result "0-1"]
[WhiteTitle "WIM"]
[BlackTitle "GM"]
[WhiteElo "2329"]
[BlackElo "2483"]
[WhiteFideId "13730169"]
[BlackFideId "4128125"]
[EventDate "2025.12.26"]

1. d4 Nf6 2. c4 e6 3. Nf3 Bb4+ 4. Bd2 Qe7 5. Nc3 Bxc3 6. Bxc3 Ne4 7. Qc2 Nxc3 8.
Qxc3 O-O 9. g3 d6 10. Bg2 Nd7 11. O-O e5 12. dxe5 dxe5 13. Rac1 e4 14. Nd4 Nf6
15. c5 c6 16. e3 a5 17. h3 Re8 18. a3 h5 19. h4 Bg4 20. Qc2 a4 21. Ne2 Nd7 22.
Rfe1 Ra5 23. Qd2 Rxc5 24. Nc3 Nf6 25. Nxa4 Rd5 26. Qc2 Red8 27. b4 Rd2 28. Qc5
Qe6 29. Nb6 Bf3 30. Nc4 R2d5 31. Qa7 R5d7 32. Bf1 b5 33. Qa6 bxc4 34. Bxc4 Qh3
35. Bf1 Qh1# 0-1

[Event "World Rapid Women 2025"]
[Site "Doha QAT"]
[Date "2025.12.26"]
[Round "1.8"]
[White "Koneru, Humpy"]
[Black "Lyutsinger, Iren"]
[Result "1-0"]
[WhiteTitle "GM"]
[BlackTitle "FM"]
[WhiteElo "2535"]
[BlackElo "2169"]
[WhiteFideId "5008123"]
[BlackFideId "34425969"]
[EventDate "2025.12.26"]

1. Nf3 Nf6 2. c4 b6 3. g3 Bb7 4. Bg2 g6 5. O-O Bg7 6. b3 O-O 7. Bb2 c5 8. d4
cxd4 9. Qxd4 d6 10. Qh4 Nbd7 11. Nc3 Rc8 12. Rfd1 a6 13. Rac1 Rc5 14. Qf4 Qa8
15. Qe3 Ne5 16. Nh4 b5 17. Ba3 Rcc8 18. Nd5 Nxd5 19. cxd5 Rxc1 20. Bxc1 Rc8 21.
Bh3 Rc2 22. f4 Bxd5 23. fxe5 Bxe5 24. Nf3 Rc3 25. Rd3 Rxd3 26. Qxd3 Qc6 27. Bg5
Qc5+ 28. Be3 Qc6 29. Nxe5 dxe5 30. Qd2 f5 31. Qc1 Qb7 32. Qc3 Qb8 33. Bg2 Bxg2
34. Kxg2 Qb7+ 35. Kg1 Qe4 36. Qd3 Qc6 37. b4 Kf7 38. Bc5 h5 39. h4 Ke8 40. a3
Qe6 41. Kf2 Qa2 42. Qe3 Qd5 43. Qh6 Qe6 44. Qh8+ Kd7 45. Qa8 Qf6 46. Qb7+ Ke8
47. Qc8+ Kf7 48. Qd7 f4 49. Qd5+ Kg7 50. Qf3 g5 51. Qxh5 fxg3+ 52. Kxg3 Qf4+ 53.
Kg2 Qe4+ 54. Qf3 Qxh4 55. Bxe7 Kg6 56. Qf6+ Kh5 57. Qxe5 Qg4+ 58. Kf2 Qh4+ 59.
Ke3 Qh3+ 60. Kd2 Qd7+ 61. Kc3 Qc6+ 62. Qc5 Qg6 63. Qxg5+ Qxg5 64. Bxg5 Kxg5 65.
Kd4 Kf6 66. Kc5 Ke5 67. Kb6 1-0

[Event "World Rapid Women 2025"]
[Site "Doha QAT"]
[Date "2025.12.26"]
[Round "1.9"]
[White "Gu, Xiaobing"]
[Black "Dronavalli, Harika"]
[Result "0-1"]
[WhiteTitle "WGM"]
[BlackTitle "GM"]
[WhiteElo "2106"]
[BlackElo "2466"]
[WhiteFideId "8602611"]
[BlackFideId "5015197"]
[EventDate "2025.12.26"]

1. e4 e6 2. d4 d5 3. Nd2 h6 4. e5 c5 5. c3 Nc6 6. Ndf3 Bd7 7. Bd3 cxd4 8. cxd4
Nb4 9. Bb1 Qa5 10. Bd2 Qa6 11. Bxb4 Bxb4+ 12. Nd2 Rc8 13. Ne2 Ba4 14. b3 Bb5 15.
Nf4 Bc3 16. a4 g5 17. Ra2 gxf4 18. axb5 Qxb5 19. Rc2 Ne7 20. Qc1 Qd3 21. Qd1 Rg8
22. Ra2 Qb5 23. Qe2 Qxe2+ 24. Kxe2 Bxd4 25. Nf3 Bb6 26. Nh4 Rg5 27. Kf3 Rc3+ 28.
Kxf4 Rxb3 29. g3 Nc6 30. Re1 Bc7 31. Nf3 Rb4+ 32. Ke3 Rgg4 33. Kd2 Rb3 34. Bd3
Rxd3+ 35. Kxd3 Nb4+ 36. Kc3 Nxa2+ 37. Kb3 Nb4 38. h3 Re4 0-1

[Event "World Rapid Women 2025"]
[Site "Doha QAT"]
[Date "2025.12.26"]
[Round "1.10"]
[White "Zhu, Jiner"]
[Black "Mamedjarova, Zeinab"]
[Result "1-0"]
[WhiteTitle "GM"]
[BlackTitle "WGM"]
[WhiteElo "2579"]
[BlackElo "2155"]
[WhiteFideId "8608059"]
[BlackFideId "13401521"]
[EventDate "2025.12.26"]

1. d4 d5 2. c4 e6 3. Nc3 Be7 4. Nf3 Nf6 5. Bf4 O-O 6. e3 a6 7. Rc1 Nbd7 8. cxd5
exd5 9. Bd3 c6 10. h3 Re8 11. O-O Nf8 12. Bh2 c5 13. dxc5 Bxc5 14. Bb1 b6 15.
Na4 Ne6 16. Nxc5 Nxc5 17. b4 Ne6 18. Nd4 Qe7 19. Nf5 Qxb4 20. Bd6 1-0

[Event "World Rapid Women 2025"]
[Site "Doha QAT"]
[Date "2025.12.26"]
[Round "1.11"]
[White "Bayasgalan, Khishigbaatar"]
[Black "Dzagnidze, Nana"]
[Result "0-1"]
[WhiteTitle "WCM"]
[BlackTitle "GM"]
[WhiteElo "2249"]
[BlackElo "2469"]
[WhiteFideId "4904311"]
[BlackFideId "13601903"]
[EventDate "2025.12.26"]

1. c4 Nf6 2. g3 e5 3. Bg2 Nc6 4. Nc3 g6 5. Nf3 d6 6. O-O Bg7 7. h3 O-O 8. d4 a6
9. Be3 Rb8 10. Qc1 Bd7 11. Rd1 Qc8 12. Kh2 Re8 13. Bh6 b5 14. Bxg7 Kxg7 15. Nd5
Nxd4 16. Nxd4 exd4 17. Nxf6 Kxf6 18. Qh6 Rxe2 19. Rd2 d3 20. Rxd3 Re3 21. Rd4
Re5 22. Rf4+ Ke7 23. Rh4 Be6 24. cxb5 Rbxb5 25. Qd2 h5 26. Rd4 Qb8 27. b3 Qb6
28. Rc1 Kf8 29. Rc6 Qa7 30. Rc1 a5 31. Ra4 Rbc5 32. Rxc5 Qxc5 33. b4 axb4 34.
Rxb4 Kg7 35. a4 Qa5 36. Qb2 Kh7 37. Rf4 Rf5 38. Rd4 Qe1 39. Rd2 Rc5 40. Rc2 Rxc2
41. Qxc2 Qa5 42. Bf3 Kg7 43. Qb2+ Kf8 44. Qh8+ Ke7 45. Bc6 Bd7 46. Bxd7 Kxd7 47.
Qf6 Qf5 48. Qb2 Qe5 49. Qb3 Qf5 50. Kg2 Kc8 51. Qb4 Qd5+ 52. Kg1 Qc5 53. Qb3 d5
54. Qf3 f5 55. Qe2 Kb7 56. Qb2+ Ka6 57. Qb8 d4 58. Qa8+ Kb6 59. Qb8+ Ka5 60.
Qa8+ Kb4 61. Kf1 Kc3 62. Qh8 Qc4+ 63. Ke1 Qxa4 64. Qe5 Qa1+ 65. Ke2 Qa2+ 66. Ke1
c6 67. f3 Qb1+ 68. Kf2 Qc2+ 69. Kf1 Qd3+ 70. Kf2 Qe3+ 71. Qxe3+ dxe3+ 72. Kxe3
c5 0-1

[Event "World Rapid Women 2025"]
[Site "Doha QAT"]
[Date "2025.12.26"]
[Round "1.12"]
[White "Muzychuk, Mariya"]
[Black "Nandhidhaa, P V"]
[Result "1/2-1/2"]
[WhiteTitle "GM"]
[BlackTitle "WGM"]
[WhiteElo "2475"]
[BlackElo "2257"]
[WhiteFideId "14114550"]
[BlackFideId "5050847"]
[EventDate "2025.12.26"]

1. e4 c5 2. Nf3 Nc6 3. d4 cxd4 4. Nxd4 Nf6 5. Nc3 d6 6. Bg5 Bd7 7. Bxf6 gxf6 8.
Qd2 Qb6 9. Nf5 e6 10. Ne3 O-O-O 11. O-O-O Na5 12. Ncd5 exd5 13. Nxd5 Qc5 14. b4
Qc6 15. bxa5 Kb8 16. Qb4 Rc8 17. Bd3 f5 18. Kb1 Be6 19. f3 Rg8 20. g3 fxe4 21.
fxe4 Rg5 22. c4 Re5 23. Rhf1 f5 24. exf5 Bxd5 25. cxd5 Rxd5 26. Rc1 Rc5 27. Rxc5
dxc5 28. Qe4 Qf6 29. a6 Qb6+ 30. Kc2 c4 31. Be2 Qxa6 32. Rb1 Bg7 33. Bf3 Qa4+
34. Kd2 Rd8+ 35. Ke2 Re8 36. Rxb7+ Kc8 37. Re7 Qxa2+ 38. Kf1 Rxe7 39. Qxe7 Qb1+
40. Kg2 Qc2+ 41. Kh3 Qc3 42. Qe8+ Kc7 43. Qc6+ Kd8 44. Qd6+ Kc8 45. Bd5 Qd4 46.
Qc6+ Kd8 47. Qa8+ Ke7 1/2-1/2

[Event "World Rapid Women 2025"]
[Site "Doha QAT"]
[Date "2025.12.26"]
[Round "1.13"]
[White "Gong, Qianyun"]
[Black "Divya, Deshmukh"]
[Result "0-1"]
[WhiteTitle "WGM"]
[BlackTitle "GM"]
[WhiteElo "2228"]
[BlackElo "2497"]
[WhiteFideId "8602425"]
[BlackFideId "35006916"]
[EventDate "2025.12.26"]

1. e4 g6 2. d4 Bg7 3. Nc3 d6 4. Be2 Nf6 5. h4 c5 6. d5 O-O 7. g4 e6 8. g5 Ne8 9.
Nf3 Nc7 10. a4 exd5 11. exd5 Bg4 12. Be3 Nba6 13. Ng1 Bf5 14. Bf3 Nb4 15. Rc1
Qd7 16. Nge2 Bg4 17. Ng3 Bxf3 18. Qxf3 Rae8 19. O-O f6 20. Qg2 fxg5 21. hxg5
Bxc3 22. bxc3 Nbxd5 23. Ne4 Qe6 24. Nf6+ Nxf6 25. gxf6 Rxf6 26. Rce1 Qd5 27. f3
Rfe6 28. Rd1 Qf5 29. Bf2 Nd5 30. Qg3 Nxc3 0-1

[Event "World Rapid Women 2025"]
[Site "Doha QAT"]
[Date "2025.12.26"]
[Round "1.14"]
[White "Muzychuk, Anna"]
[Black "Mamedjarova, Turkan"]
[Result "1-0"]
[WhiteTitle "GM"]
[BlackTitle "WGM"]
[WhiteElo "2518"]
[BlackElo "2216"]
[WhiteFideId "14111330"]
[BlackFideId "13402005"]
[EventDate "2025.12.26"]

1. e4 e5 2. Nf3 Nc6 3. Bb5 a6 4. Bxc6 dxc6 5. Nc3 Bg4 6. h3 Bxf3 7. Qxf3 Bc5 8.
d3 Ne7 9. Be3 Qd6 10. O-O-O Bxe3+ 11. Qxe3 c5 12. Rdf1 Qd4 13. Qg3 O-O 14. f4 f6
15. h4 b5 16. h5 h6 17. Rh4 exf4 18. Rhxf4 Qe5 19. Qh3 Rad8 20. Nd1 Rd6 21. Ne3
c4 22. dxc4 Rfd8 23. Qf3 c6 24. a3 Rd2 25. Kb1 Qc5 26. Qh3 bxc4 27. Qe6+ Kh8 28.
Nxc4 Rxg2 29. b4 Qa7 30. Nd6 Rb8 31. e5 a5 32. exf6 axb4 33. fxe7 bxa3+ 34. Ka1
Qb6 35. Rf8+ 1-0

[Event "World Rapid Women 2025"]
[Site "Doha QAT"]
[Date "2025.12.26"]
[Round "1.15"]
[White "Priyanka, Nutakki"]
[Black "Kamalidenova, Meruert"]
[Result "1/2-1/2"]
[WhiteTitle "WGM"]
[BlackTitle "IM"]
[WhiteElo "2292"]
[BlackElo "2366"]
[WhiteFideId "25049615"]
[BlackFideId "13712802"]
[EventDate "2025.12.26"]

1. d4 Nf6 2. Bf4 g6 3. Nc3 d5 4. Qd2 Bg7 5. Bh6 O-O 6. Bxg7 Kxg7 7. e3 c5 8. h3
Nc6 9. g4 e5 10. dxe5 Nxe5 11. O-O-O Qc7 12. g5 Ne4 13. Nxd5 Qc6 14. Qe1 Be6 15.
c4 Rfd8 16. f3 Nxg5 17. h4 Bxd5 18. cxd5 Rxd5 19. hxg5 Rad8 20. Rxd5 Qxd5 21.
Be2 Qxa2 22. Qc3 Rd5 23. f4 1/2-1/2

[Event "World Rapid Women 2025"]
[Site "Doha QAT"]
[Date "2025.12.26"]
[Round "1.16"]
[White "Roebers, Eline"]
[Black "Francisco Guecamburu, Candela Be"]
[Result "0-1"]
[WhiteTitle "IM"]
[BlackTitle "WGM"]
[WhiteElo "2396"]
[BlackElo "2238"]
[WhiteFideId "1058401"]
[BlackFideId "160911"]
[EventDate "2025.12.26"]

1. e4 c5 2. Nf3 d6 3. d4 cxd4 4. Nxd4 Nf6 5. Nc3 a6 6. Nb3 Nc6 7. Be3 e6 8. g4
h6 9. Bg2 Ne5 10. h3 Nc4 11. Bc1 e5 12. Qe2 Qc7 13. f4 Be7 14. O-O exf4 15. Bxf4
O-O 16. g5 hxg5 17. Bxg5 Be6 18. Rf3 Rfe8 19. Qf2 Ne5 20. Rxf6 Bxf6 21. Bxf6
gxf6 22. Kh1 Kf8 23. Qxf6 Qd8 24. Qh6+ Ke7 25. Nd4 Rh8 26. Qe3 Kd7 27. Rd1 Rc8
28. Nf5 Rc6 29. Qf4 Qf6 30. Ne2 Bxf5 31. exf5 Rc4 32. Nd4 Rh4 33. Qf2 Ng4 34.
Qf3 Rxd4 35. Qxb7+ Ke8 36. Qb8+ Ke7 37. Re1+ Ne5 38. Bc6 Rxh3+ 39. Kg2 Qg5+ 40.
Kf2 Rd2+ 41. Re2 Qe3+ 42. Kg2 Rxe2+ 43. Kf1 Qf2# 0-1

[Event "World Rapid Women 2025"]
[Site "Doha QAT"]
[Date "2025.12.26"]
[Round "1.17"]
[White "Serikbay, Assel"]
[Black "Bulmaga, Irina"]
[Result "1-0"]
[WhiteTitle "WIM"]
[BlackTitle "IM"]
[WhiteElo "2221"]
[BlackElo "2389"]
[WhiteFideId "13706799"]
[BlackFideId "13903063"]
[EventDate "2025.12.26"]

1. d4 Nf6 2. c4 e6 3. Nc3 Bb4 4. e3 O-O 5. Bd3 d5 6. Ne2 c5 7. cxd5 cxd4 8. exd4
exd5 9. O-O Nc6 10. Bg5 Be7 11. Rc1 Re8 12. Bb1 h6 13. Bh4 Ng4 14. Bxe7 Qxe7 15.
Qd3 g6 16. Nf4 Qd6 17. Qg3 Nxd4 18. Rcd1 Ne6 19. Ncxd5 Nxf4 20. Nxf4 Qb8 21. h3
Ne5 22. Rfe1 Be6 23. Qc3 Bc4 24. b3 Bb5 25. Nd5 a6 26. Nf6+ Kf8 27. Nxe8 Bxe8
28. Rxe5 Bc6 29. Rde1 Kg8 30. Qd4 Qf8 31. Re7 Rd8 32. Qf6 h5 33. Bxg6 1-0

[Event "World Rapid Women 2025"]
[Site "Doha QAT"]
[Date "2025.12.26"]
[Round "1.18"]
[White "Stefanova, Antoaneta"]
[Black "Li, Xueyi"]
[Result "1-0"]
[WhiteTitle "GM"]
[BlackTitle "WGM"]
[WhiteElo "2391"]
[BlackElo "2202"]
[WhiteFideId "2902257"]
[BlackFideId "8605912"]
[EventDate "2025.12.26"]

1. Nf3 d5 2. c4 c6 3. e3 Nf6 4. Nc3 a6 5. b3 Bf5 6. Bb2 h6 7. Be2 e6 8. O-O Nbd7
9. Re1 e5 10. cxd5 cxd5 11. Bf1 e4 12. Nd4 Bg6 13. d3 Be7 14. dxe4 dxe4 15. f4
exf3 16. Qxf3 Qb8 17. Nf5 Bxf5 18. Qxf5 O-O 19. Rad1 Bd6 20. g3 Be5 21. Bg2 Re8
22. Rxd7 Nxd7 23. Qxd7 Rd8 24. Qxb7 Qxb7 25. Bxb7 Ra7 26. Be4 g6 27. Re2 Rad7
28. Nb1 Bxb2 29. Rxb2 f5 30. Bf3 Kg7 31. Kf2 a5 32. a3 g5 33. h3 Rd3 34. Be2
R3d6 35. b4 axb4 36. axb4 Kf6 37. b5 Rb6 38. Nc3 Ke5 39. Na4 Rbb8 40. b6 f4 41.
Rb5+ Kf6 42. gxf4 gxf4 43. exf4 Rd4 44. Nc5 Ke7 45. Ke3 Rdd8 46. b7 1-0

[Event "World Rapid Women 2025"]
[Site "Doha QAT"]
[Date "2025.12.26"]
[Round "1.19"]
[White "Sharma, Isha"]
[Black "Song, Yuxin"]
[Result "0-1"]
[WhiteTitle "WIM"]
[BlackTitle "IM"]
[WhiteElo "2245"]
[BlackElo "2454"]
[WhiteFideId "35006665"]
[BlackFideId "8614300"]
[EventDate "2025.12.26"]

1. e4 c5 2. Nf3 d6 3. d4 cxd4 4. Nxd4 Nf6 5. Nc3 a6 6. f3 e6 7. Be3 b5 8. g4 Bb7
9. a3 Nfd7 10. Qd2 Nb6 11. Nb3 Nc6 12. Qf2 Nc4 13. Bxc4 bxc4 14. Nd2 Ne5 15. Qe2
h5 16. Nxc4 Nxc4 17. Qxc4 hxg4 18. Qa4+ Qd7 19. Qxd7+ Kxd7 20. fxg4 Be7 21. O-O
Raf8 22. Rf2 Rh3 23. Bf4 Rh4 24. Rg2 f5 25. Rd1 fxe4 26. Be3 Rh3 27. Bd4 e3 28.
Re2 Bf3 29. Rxe3 Rh4 30. Rxf3 Rxf3 31. Kg2 Rf8 32. h3 g6 33. Ne4 Kc6 34. Rd3 e5
35. Bf2 Rhh8 36. Nc3 Rb8 37. b4 Rhc8 38. Nd5 Bd8 39. c4 Kd7 40. c5 0-1

[Event "World Rapid Women 2025"]
[Site "Doha QAT"]
[Date "2025.12.26"]
[Round "1.20"]
[White "Khotenashvili, Bella"]
[Black "Yakimova, Mariya"]
[Result "1-0"]
[WhiteTitle "GM"]
[BlackTitle "WFM"]
[WhiteElo "2426"]
[BlackElo "2241"]
[WhiteFideId "13602640"]
[BlackFideId "34188859"]
[EventDate "2025.12.26"]

1. Nf3 d5 2. g3 Nc6 3. d4 Bf5 4. c4 e6 5. Bg2 Nb4 6. O-O Nc2 7. cxd5 Nxa1 8. e4
Bxe4 9. dxe6 fxe6 10. Nc3 Bf5 11. Nh4 c6 12. Nxf5 exf5 13. d5 Ne7 14. Re1 Qd7
15. Bg5 O-O-O 16. Qa4 Nxd5 17. Nxd5 cxd5 18. Qxa7 Nc2 19. Rc1 Qc7 20. Rxc2 Qxc2
21. Qa8+ Kc7 22. Qxd8+ Kc6 23. Qc8+ 1-0